| 000 | 01699nam a2200457Ii 4500 | ||
|---|---|---|---|
| 001 | DIGRBN0115 | ||
| 003 | NyNyDIG | ||
| 006 | m o d | ||
| 007 | cr ||||||||||| | ||
| 008 | 170215s2013 sp ob 000 0 spa d | ||
| 020 |
_a8499405509 _q(eBook) |
||
| 020 |
_a9788499405506 _q(eBook) |
||
| 020 | _z8499409997 | ||
| 020 | _z9788499409993 | ||
| 035 | _a(OCoLC)972725635 | ||
| 040 |
_aDGITA _beng _erda _epn _cDGITA |
||
| 050 | 1 | 4 | _aHM683 ebook |
| 082 | 0 | 4 | _a302.4 |
| 245 | 0 | 3 |
_aLa complejidad de lo social : _bla trama de la vida : nivel de integración social / _cRafael Alberto Pérez e Isabel Sanfeliu (Coords.) |
| 264 | 1 |
_aMadrid : _bBiblioteca Nueva, _c[2013] |
|
| 300 | _a1 online resource. | ||
| 336 |
_atext _btxt _2rdacontent |
||
| 337 |
_acomputer _bc _2rdamedia |
||
| 338 |
_aonline resource _bcr _2rdacarrier |
||
| 490 | 1 |
_aViaje a la complejidad ; _v4 |
|
| 504 | _aIncludes bibliographical references. | ||
| 588 | 0 | _aOnline resource; title from PDF title page (Digitalia, viewed February 15, 2017) | |
| 650 | 0 |
_aComplexity (Philosophy) _xSocial aspects. |
|
| 650 | 0 | _aSocial integration. | |
| 650 | 0 |
_aSociology _xPhilosophy. |
|
| 655 | 0 | _aElectronic books. | |
| 700 | 1 |
_aPérez González, Rafael Alberto, _eeditor. |
|
| 700 | 1 |
_aSanfeliú, Isabel, _eeditor. |
|
| 776 | 0 | 8 |
_iPrint version: _tComplejidad de lo social. _dMadrid : Biblioteca Nueva, 2013 _z9788499409993 |
| 791 | 2 |
_aDigitalia (Firm), _edistributor. |
|
| 793 | 0 |
_gDigitalia eBook Collection: _aBiblioteca Nueva |
|
| 830 | 0 |
_aViaje a la complejidad ; _v4. |
|
| 856 | 4 | 0 |
_3Digitalia Hispánica _uhttps://www.digitaliapublishing.com/a/35467/ |
| 910 | _aPremium Collection: 2017 | ||
| 942 | _cRAA | ||
| 999 |
_c243110 _d243110 |
||